Catalog

Record Details

Catalog Search



Available copies

  • 1 of 1 copy available at LARL/NWRL Consortium.

Current holds

0 current holds with 1 total copy.

Show Only Available Copies
Location Call Number / Copy Notes Barcode Shelving Location Status Due Date
Roseau Public Library j HYM (Text) 35500006621864 Main Available -

Record details

  • ISBN: 9781250799470
  • ISBN: 1250799473
  • Physical Description: 296 pages ; 22 cm
  • Edition: First edition.
  • Publisher: New York, NY : Roaring Brook Press, 2022.

Content descriptions

Summary, etc.:
When twelve-year-old identical twins Peter and Kai ... Read More
Target Audience Note:
Ages 8-12. Roaring Brook Press.
Grades 4-6. Roaring Brook Press.
Subject: Twins > Juvenile fiction.
Brothers > Juvenile fiction.
Sea monsters > Juvenile fiction.
Riddles, Juvenile.
Magic > Juvenile fiction.
Adventure stories.
Code and cipher stories.
Fantasy fiction.
Genre: Adventure stories.
LDR 01596cam a22004458i 4500
001403397
003LARL_NWRL_CONSORTIUM
00520221114154724.0
008220727s2022 nyu c 000 1 eng
010 . ‡a2022018059
019 . ‡a1280603569 ‡a1281141306
020 . ‡a9781250799470 ‡q(hardcover)
020 . ‡a1250799473
035 . ‡a(OCoLC)1281237010 ‡z(OCoLC)1280603569 ‡z(OCoLC)1281141306
040 . ‡aDLC ‡beng ‡erda ‡cDLC ‡dTOH ‡dMJ8 ‡dUPZ ‡dUKMGB ‡dSXP ‡dOCLCF ‡dGZD
042 . ‡apcc
08200. ‡a[Fic] ‡223
1001 . ‡aHymas, Allison K., ‡eauthor. ‡0(LARL_NWRL_CONSORTIUM)223887
24510. ‡aSecrets of stone and sea / ‡cAllison K. Hymas.
250 . ‡aFirst edition.
264 1. ‡aNew York, NY : ‡bRoaring Brook Press, ‡c2022.
300 . ‡a296 pages ; ‡c22 cm
336 . ‡atext ‡btxt ‡2rdacontent
337 . ‡aunmediated ‡bn ‡2rdamedia
338 . ‡avolume ‡bnc ‡2rdacarrier
521 . ‡aAges 8-12. ‡bRoaring Brook Press.
521 . ‡aGrades 4-6. ‡bRoaring Brook Press.
520 . ‡aWhen twelve-year-old identical twins Peter and Kai accidentally raise an ancient sea god, they must delve into a world of hidden magic and dangerous puzzles to uncover the secrets of lost Atlantis and save their family and home.
650 0. ‡aTwins ‡vJuvenile fiction. ‡0(LARL_NWRL_CONSORTIUM)167782
650 0. ‡aBrothers ‡vJuvenile fiction. ‡0(LARL_NWRL_CONSORTIUM)170953
650 0. ‡aSea monsters ‡vJuvenile fiction.
650 0. ‡aRiddles, Juvenile. ‡0(LARL_NWRL_CONSORTIUM)29815
650 0. ‡aMagic ‡vJuvenile fiction. ‡0(LARL_NWRL_CONSORTIUM)165990
650 0. ‡aAdventure stories. ‡0(LARL_NWRL_CONSORTIUM)12829
650 0. ‡aCode and cipher stories. ‡0(LARL_NWRL_CONSORTIUM)17073
650 0. ‡aFantasy fiction. ‡0(LARL_NWRL_CONSORTIUM)19968
655 7. ‡aAdventure stories. ‡2lcgft
901 . ‡a403397 ‡b ‡c403397 ‡tbiblio

Additional Resources